Ammónia koncentráció- és fluxusmérő műszer fejlesztése környezetvédelmi kutatásokhoz

Elmentve itt :
Bibliográfiai részletek
Szerző: Pogány Andrea
További közreműködők: Mohácsi Árpád (Témavezető)
Bozóki Zoltán (Témavezető)
Dokumentumtípus: Disszertáció
Megjelent: 2011-05-24
Tárgyszavak:
doi:10.14232/phd.680

mtmt:23468402
Online Access:http://doktori.ek.szte.hu/680
LEADER 01154nta a2200253 i 4500
001 dokt680
005 20191127142103.0
008 110223s2011 hu om 0|| hun d
024 7 |a 10.14232/phd.680  |2 doi 
024 7 |a 23468402  |2 mtmt 
040 |a SZTE Doktori Repozitórium  |b hun 
041 |a hun 
100 1 |a Pogány Andrea 
245 1 0 |a Ammónia koncentráció- és fluxusmérő műszer fejlesztése környezetvédelmi kutatásokhoz  |h [elektronikus dokumentum] /  |c  Pogány Andrea 
246 1 0 |a Development of an ammonia concentration and flux monitoring instrument for environmental research applications  |h [elektronikus dokumentum] 
260 |c 2011-05-24 
502 |a Disszertacio 
650 4 |a fizikai tudományok 
650 4 |a Fizikai tudományok 
700 0 1 |a Mohácsi Árpád  |e ths 
700 0 1 |a Bozóki Zoltán  |e ths 
856 4 0 |u https://doktori.bibl.u-szeged.hu/id/eprint/680/1/PhD_PA.pdf  |z Dokumentum-elérés  
856 4 0 |u https://doktori.bibl.u-szeged.hu/id/eprint/680/2/t%C3%A9zisf%C3%BCzet_magyar_pdf.pdf  |z Dokumentum-elérés  
856 4 0 |u https://doktori.bibl.u-szeged.hu/id/eprint/680/3/t%C3%A9zisf%C3%BCzet_angol_pdf.pdf  |z Dokumentum-elérés